All Transylvania Cities or Towns - Statistics

General Stats
  • This quiz has been taken 26 times
  • The average score is 24 of 86
Answer Stats
County City/Town % Correct
Cluj Cluj-Napoca
95%
Brasov Brasov
91%
Hunedoara Hunedoara
82%
Sibiu Sibiu
77%
Alba Alba Iulia
73%
Bistrita-Nasaud Bistrita
68%
Hunedoara Deva
68%
Mures Targu Mures
64%
Cluj Turda
64%
Alba Aiud
55%
Covasna Sfantu Gheorghe
55%
Salaj Zalau
55%
Covasna Covasna
50%
Bistrita-Nasaud Nasaud
50%
Mures Sighisoara
50%
Harghita Miercurea-Ciuc
45%
Cluj Campia Turzii
41%
Cluj Dej
41%
Sibiu Medias
41%
Bistrita-Nasaud Beclean
36%
Alba Blaj
36%
Cluj Huedin
36%
Harghita Odorheiu-Secuiesc
36%
Mures Reghin
36%
Alba Sebes
36%
Mures Sovata
36%
Covasna Targu Secuiesc
36%
Harghita Toplita
36%
Brasov Bran
32%
Salaj Jibou
32%
Alba Teius
32%
Alba Abrud
27%
Harghita Gheorgheni
27%
Cluj Gherla
27%
Hunedoara Petrosani
27%
Brasov Predeal
27%
Mures Tarnaveni
27%
Hunedoara Brad
23%
Hunedoara Hateg
23%
Alba Ocna Mures
23%
Sibiu Ocna Sibiului
23%
Mures Ungheni
23%
Brasov Victoria
23%
Harghita Borsec
18%
Alba Campeni
18%
Brasov Codlea
18%
Alba Cugir
18%
Hunedoara Lupeni
18%
Mures Miercurea Nirajului
18%
Brasov Rupea
18%
Harghita Vlahita
18%
Hunedoara Vulcan
18%
Harghita Baile Tusnad
14%
Harghita Balan
14%
Hunedoara Calan
14%
Salaj Cehu Silvaniei
14%
Harghita Cristuru Secuiesc
14%
Covasna Intorsura Buzaului
14%
Mures Ludus
14%
Hunedoara Orastie
14%
Brasov Rasnov
14%
Brasov Sacele
14%
Mures Sangeorgiu De Padure
14%
Hunedoara Simeria
14%
Alba Zlatna
14%
Sibiu Agnita
9%
Hunedoara Aninoasa
9%
Sibiu Avrig
9%
Alba Baia de Aries
9%
Covasna Baraolt
9%
Sibiu Cisnadie
9%
Sibiu Copsa Mica
9%
Sibiu Dumbraveni
9%
Brasov Ghimbav
9%
Mures Iernut
9%
Sibiu Miercurea Sibiului
9%
Bistrita-Nasaud Sangeorz-Bai
9%
Sibiu Talmaciu
9%
Hunedoara Uricani
9%
Brasov Zarnesti
9%
Brasov Fagarasi
5%
Hunedoara Geoagiu
5%
Hunedoara Petrila
5%
Sibiu Saliste
5%
Mures Sarmasu
5%
Salaj Silvaniei
5%
No matching quizzes found
Score Distribution
Percent of People with Each Score
Percentile by Number Answered
Your Score History
You have not taken this quiz